header

Major incident medical management and support (Record no. 37496)

MARC details
000 -LEADER
fixed length control field 02029nam a22003614a 4500
082 04 - DEWEY DECIMAL CLASSIFICATION NUMBER
Classification number 362.18
100 1# - MAIN ENTRY--AUTHOR NAME
Personal name Carley, Simon.
245 10 - TITLE STATEMENT
Title Major incident medical management and support
260 ## - PUBLICATION, DISTRIBUTION, ETC. (IMPRINT)
Place of publication Malden, Mass. :
Name of publisher BMJ Books :
-- Blackwell Pub.,
Year of publication c2005.
300 ## - PHYSICAL DESCRIPTION
Number of Pages xii, 154 p. :
Other physical details ill.
500 ## - GENERAL NOTE
General note Includes index.
505 0# - FORMATTED CONTENTS NOTE
Formatted contents note The epidemiology and incidence of major incidents -- Are we ready for the next major incident? -- The structured approach to the hospital response -- Planning for major incidents equipment training -- The collapsible hierarchy concept -- The clinical hierarchy -- The nursing hierarchy -- The management hierarchy -- Declaring a major incident and activating the plan -- The reception phase -- Triage -- The definitive care phase -- The recovery phase -- Incidents involving hazardous chemicals -- Incidents involving large numbers of burns -- Incidents involving large numbers of children.
650 #0 - SUBJECT ADDED ENTRY--TOPICAL TERM
Topical Term Disaster medicine.
Topical Term Hospitals.
Topical Term Disaster hospitals.
700 1# - ADDED ENTRY--PERSONAL NAME
Personal name Mackway-Jones, Kevin.
856 40 - ELECTRONIC LOCATION AND ACCESS
Uniform Resource Identifier http://site.ebrary.com/lib/rucke/Doc?id=10232611

No items available.

© 2026 Rongo University
Contact us: librarian | system librarian | Rongo university